Kokusai seiji to kokusai keizai /

Saved in:
நூற்பட்டியல் விவரங்கள்
தலைமை எழுத்தாளர்: Tsuru, Shigeto, 1912-
வடிவம்: புத்தகம்
மொழி:Japanese
வெளியீடப்பட்டது: Tōkyō : Kōdansha, Shōwa 51 [1976]
தொகுதி:Tsuru Shigeto chosakushū ; dai 8-kan.
பகுதிகள்:
குறியீடுகள்: குறிச்சொல் இணை
குறியீடுகள் இல்லை, இந்த குறிச்சொல்லை முதலில் பதிவு செய்யுங்கள்!
LEADER 01171nam a2200325 i 4500
001 007743365-3
005 20024617115958.0
008 900816s1976 ja cf 001 0 jpn
010 |a 76813399 /J 
015 |a Ja76-3541 
035 0 |a ocm22231364 
040 |a DLC  |c WaU  |d *YNH*  |d CStRLIN 
050 0 |a HB54  |b .T76 vol. 8  |a HF1411 
100 1 |6 880-01  |a Tsuru, Shigeto,  |d 1912- 
245 1 0 |6 880-02  |a Kokusai seiji to kokusai keizai /  |c [Tsuru Shigeto]. 
260 |6 880-03  |a Tōkyō :  |b Kōdansha,  |c Shōwa 51 [1976] 
300 |a vii, 546, ix p., [1] leaf of plates :  |b group port. ;  |c 20 cm. 
490 1 |6 880-04  |a Tsuru Shigeto chosakushū ;  |v dai 8-kan 
504 |a Includes indexes. 
650 0 |a International economic relations. 
650 0 |a Peace. 
650 0 |a World politics  |y 1945- 
880 1 |6 100-01  |a 都留重人,  |d 1912- 
880 1 0 |6 245-02  |a 国際政治と国際経済 /  |c [都留重人]. 
880 |6 260-03  |a 東京 :  |b 講談社,  |c 昭和51 [1976] 
880 1 |6 490-04  |a 都留重人著作集 ;  |v 第8卷 
830 0 |6 880-54  |a Tsuru Shigeto chosakushū ;  |v dai 8-kan. 
880 0 |6 830-54  |a 都留重人著作集 ;  |v 第8卷. 
988 |a 20021214 
906 |0 DLC